Financial management : (Record no. 4250)

MARC details
000 -LEADER
fixed length control field 00842 a2200265 4500
010 ## - LCCN (DPL NO)
LC control number ENG-86199
020 ## - INTERNATIONAL STANDARD BOOK NUMBER
International Standard Book Number 0070656142
Terms of availability 450.00
020 ## - INTERNATIONAL STANDARD BOOK NUMBER
International Standard Book Number 9780070656147
Terms of availability 450.00
035 ## - SYSTEM CONTROL NUMBER
System control number EN-69732
035 ## - SYSTEM CONTROL NUMBER
System control number B-211507
037 ## - SOURCE OF ACQUISITION
Source of stock number/acquisition DBAD/ PUB
037 ## - SOURCE OF ACQUISITION
Source of stock number/acquisition RP-L-450 / UBH-07-08:6 / RP-07-08:ENG
082 14 - DEWEY DECIMAL CLASSIFICATION NUMBER
Classification number 658.15
100 1# - MAIN ENTRY--PERSONAL NAME
Personal name Kahn, M. Y.
245 1# - TITLE STATEMENT
Title Financial management :
Statement of responsibility, etc by M.Y. Khan and P.K. Jain
Remainder of title text, problems and cases /
250 ## - EDITION STATEMENT
Edition statement 5th ed
260 ## - PUBLICATION, DISTRIBUTION, ETC. (IMPRINT)
Place of publication, distribution, etc New Delhi
Name of publisher, distributor, etc Tata McGraw-Hill Publishing
Date of publication, distribution, etc c2007
270 ## - ADDRESS
Address 7, West Patel Nagar
City New Delhi
Postal code 110008
300 ## - PHYSICAL DESCRIPTION
Extent various pagings
Dimensions 24 cm. (Pbk)
490 ## - SERIES STATEMENT
Series statement CA examination series
500 ## - GENERAL NOTE
General note Includes bibliographical references and index
650 #0 - SUBJECT ADDED ENTRY--TOPICAL TERM
Topical term or geographic name as entry element Financial management
700 ## - ADDED ENTRY--PERSONAL NAME
Personal name Jain, P. K.
942 ## - ADDED ENTRY ELEMENTS (KOHA)
Institution code [OBSOLETE] dpl
Item type English Books
Source of classification or shelving scheme Dewey Decimal Classification
Classification part 658.15
Call number suffix KHA
Holdings
Withdrawn status Lost status Not for loan Collection code Home library Current library Source of acquisition Cost, normal purchase price Full call number Barcode Copy number Cost, replacement price Koha item type
    Not For Loan Non-fiction D.B.Act.Division D.B.Act.Division DBAD/PUB 450.00 658.15 KHA EN-69732 1 450.00 English Books
      Non-fiction Karol Bagh Karol Bagh   450.00 658.15 KHA B-211507   450.00 English Books

© Delhi Public Library
Hit Counter
free hit counter